000 00269nam a22001337a 4500
020 _a9783540309055
041 _aENG
100 _aMathew .S
245 _aWind Energy
260 _aDelhi
_bSpringer
_c1995
300 _a246
650 _aEOES
856 _uEOES ( 39 )
999 _c1277
_d1277